000 00425nam a2200145Ia 4500
020 _a0 7512 0164 2
082 _a368.40 094 1 GIL
100 _aGilbert, B. B.
_94804
245 4 _aThe evolution of national insurance in Great Britain
260 _aHampshire:
_bGregg Revivals
_c1966
300 _aii, 497p. ill. ; 22 cm.
500 _a includes bibliographical references and index
650 _aInsurance
_94805
942 _cBK
999 _c9046
_d9046